Television Sixes Quiz Stats

 Plays Quiz Updated Mar 7, 2018

Challenge
Share
Tweet
Embed
Score 0/36 Timer 06:00
4 Plays Today
Hint Answer % Correct
Brady Bunch ChildrenMarcia
86%
Brady Bunch ChildrenJan
84.6%
Last 6 Flintstones Theme Song Lyricsa
81.8%
Brady Bunch ChildrenBobby
81.2%
Brady Bunch ChildrenCindy
80.2%
Brady Bunch ChildrenGreg
79.3%
Original Cheers Characters`Sam Malone
78.7%
Original Cheers Characters`Norm Peterson
78.3%
Brady Bunch ChildrenPeter
77.6%
Last 6 Flintstones Theme Song Lyricstime!
73%
Last 6 Flintstones Theme Song Lyricshave
72.7%
Last 6 Flintstones Theme Song Lyricsold
71.6%
Original Cheers Characters`Diane Chambers
71.5%
Last 6 Flintstones Theme Song Lyricsgay
68.9%
Star Trek Series*The Next Generation
67.3%
Original Cheers Characters`Cliff Clavin
66.6%
Star Trek Series*Star Trek (Original series)
65.3%
Last 6 Flintstones Theme Song LyricsWe'll
64.6%
Hint Answer % Correct
Original Cheers Characters`Carla Tortelli
64.5%
Original Cheers Characters`'Coach' Ernie Pantusso
63.6%
Monty Python's Flying Circus CreatorsJohn Cleese
61%
Star Trek Series*Deep Space Nine
55.7%
Star Trek Series*Voyager
52.2%
Monty Python's Flying Circus CreatorsEric Idle
48.5%
Core Simpsons Cast (voices)Hank Azaria
41.2%
Monty Python's Flying Circus CreatorsMichael Palin
41%
Star Trek Series*Enterprise
36.5%
Monty Python's Flying Circus CreatorsTerry Gilliam
34.5%
Core Simpsons Cast (voices)Yeardley Smith
30.7%
Monty Python's Flying Circus CreatorsGraham Chapman
30.3%
Monty Python's Flying Circus CreatorsTerry Jones
27.2%
Core Simpsons Cast (voices)Dan Castellaneta
25.8%
Core Simpsons Cast (voices)Julie Kavner
24.4%
Core Simpsons Cast (voices)Nancy Cartwright
24.3%
Star Trek Series*Discovery
23%
Core Simpsons Cast (voices)Harry Shearer
22.9%

You're not logged in!

Compare scores with friends on all Sporcle quizzes.
Join for Free
OR
Log In

You Might Also Like...

Show Comments

Extras

Top Quizzes Today


Score Distribution

Your Account Isn't Verified!

In order to create a playlist on Sporcle, you need to verify the email address you used during registration. Go to your Sporcle Settings to finish the process.

Report this User

Report this user for behavior that violates our Community Guidelines.

Details: